00919nam a2200241Ia 4500001000600000003000900006008004100015040001300056040001300069041001200082100001600094100002900110245007700139245003000216250001100246260001100257260002700268260004900295300005900344500021600403650002700619650003100646A6988IT-RoPAU130308s9999 xx 000 0 und d aIT-RoPAU cIT-RoPAU aINGLESE aKapur Geeta gCodice Aut. SPICS: 36309 aArticulating the Self Into History: Ritwik Ghatak's Jukti Takko ar Gappo bQuestions Of Third Cinema a1a ed. aLONDON bBritish Film Institute c1989 [1° Ed.:1989 - Ed.Ling.Originale:1989] a"16 p. (prefazione: no ; testo: 16 [pagine: 179-194])" aDistinzione di Se' nella Storia. Note Sul Film Jukti Takko Ar Gappo di Ritwik Ghatak del 1974. nesso tra Attore, Autore e Genere. Note Sul Regista. Spazio Narrativo. Tempo, Azione e Fine: Prassi Problematizzata. aGENERI CINEMATOGRAFICI eCodice materia Spics: 6810